000 01131cam a22003257a 4500
003 CHAP
005 20220329142259.0
008 000504d1998 uk a r 00010 eng d
010 _a81010
011 _a81982
020 _a0851992811
035 _a92466
040 _cCHAP
082 0 4 _a635.063
_bC62
100 0 0 _aCockshull, K. E.
_eed.
_924233
245 1 0 _aGenetic and enviromental manipulation of horticultural crops
_c/ed. by K. E. Cockshull [and others]
260 _aLondon, U.K. :
_bCAB International,
_c1998.
300 _a225 p. :
_bilus. ; grafs.
590 _aBATCH-UPD
_b10
_c20130110
_lUCH01
_h0359
590 _aBATCH-UPD
_b10
_c20130410
_lUCH01
_h0032
590 _aBATCH-UPD
_b10
_c20130914
_lUCH01
_h0954
590 _aCONVERSION
_b10
_c20130109
_lUCH01
_h1345
650 1 4 _aHorticultura
_xCongresos.
_956318
650 1 4 _aLegumbres
_xGenética.
_965724
711 0 _aHorticulture Research International
_n(1 :
_d1997 :
_cWellesbourne, UK)
_956390
901 _aBK
905 _aMayto Villalobos S.
942 _cLIBRO
949 _a635.063 C62
_bBC
_cLIBRO
_d33724000780243
_eLIBRO
_gI.203428
_h97879
_i92466
_si
_t$1,171.00
999 _c81010
_d81010